000
00266pam a2200121 a 4500
020
_c
041
_a
eng
100
_a
Chaudahri.N.C.
245
_a
A Passage To England
_h
Textual Documents
260
_a
[s.l]:
_b
Orient Paper Books
300
_a
237p.
930
_a
15552
999
_c
92452
_d
92452